Normal view MARC view

Entry Meeting Name

Number of records used in: 1

001 - CONTROL NUMBER

  • control field: 22278

003 - CONTROL NUMBER IDENTIFIER

  • control field: OSt

005 - DATE AND TIME OF LATEST TRANSACTION

  • control field: 20211105134636.0

008 - FIXED-LENGTH DATA ELEMENTS

  • fixed length control field: 211105|| aca||aabn | a|a d

040 ## - CATALOGING SOURCE

  • Original cataloging agency: OSt
  • Transcribing agency: OSt

111 ## - HEADING--MEETING NAME

  • Meeting name or jurisdiction name as entry element: International Conference of the X-Ray Astronomy
  • Location of meeting: Japan
  • Date of meeting or treaty signing: 1994 Mar. 8-11

670 ## - SOURCE DATA FOUND

  • Source citation: Work cat.: (OSt): International Conference of the X-Ray Astronomy Japan 1994 Mar. 8-11, New horizon of x-ray astronomy, 1994

Powered by Koha